[Event "Bassano del Grappa Vergani Cup"]
[Site "Bassano del Grappa"]
[Date "2023.02.05"]
[Round "8"]
[White "Manco, David Jonatan"]
[Black "Candian, Lorenzo"]
[Result "1-0"]
[WhiteElo "1903"]
[BlackElo "2045"]
[PlyCount "51"]
[EventDate "2023.02.01"]
[EventType "swiss"]
[EventRounds "9"]
[EventCountry "ITA"]
[SourceTitle "CBM 212 Extra"]
[Source "ChessBase"]
[SourceDate "2023.03.31"]
[SourceVersion "1"]
[SourceVersionDate "2023.03.31"]
[SourceQuality "1"]

1. e4 g6 2. d4 Bg7 3. f4 d6 4. Nf3 a6 5. h3 Nd7 6. Bc4 e6 7. 0-0 b5 8. Bd3 Ne7 9. f5 exf5 10. exf5 Nf6 11. fxg6 hxg6 12. Bg5 Bb7 13. Qe2 Rh5 14. Nbd2 Qd7 15. Rae1 Kf8 16. Qf2 Ned5 17. Ne4 Re8 18. Ng3 Rxe1 19. Rxe1 Rh8 20. Nh4 Kg8 21. c4 bxc4 22. Bxc4 Nh7 23. Re7 Nxg5 24. Rxd7 Rxh4 25. Ne2 Re4 26. h4 1-0

[Event "Bassano del Grappa Vergani Cup"]
[Site "Bassano del Grappa"]
[Date "2023.02.03"]
[Round "4"]
[White "Manco, David Jonatan"]
[Black "Lim, Zhuo Ren"]
[Result "0-1"]
[WhiteElo "1903"]
[BlackElo "2253"]
[PlyCount "52"]
[EventDate "2023.02.01"]
[EventType "swiss"]
[EventRounds "9"]
[EventCountry "ITA"]
[SourceTitle "CBM 212 Extra"]
[Source "ChessBase"]
[SourceDate "2023.03.31"]
[SourceVersion "1"]
[SourceVersionDate "2023.03.31"]
[SourceQuality "1"]

1. e4 c5 2. Nc3 Nc6 3. g3 g6 4. f4 Bg7 5. Bg2 d6 6. Nf3 Rb8 7. a4 a6 8. d3 b5 9. axb5 axb5 10. Rb1 e6 11. Be3 Nd4 12. 0-0 Ne7 13. Bf2 0-0 14. Qd2 b4 15. Ne2 e5 16. Nfxd4 cxd4 17. h3 Be6 18. g4 Bh6 19. Bg3 Qc7 20. Kh2 Qc5 21. c4 bxc3 22. bxc3 Rxb1 23. Rxb1 dxc3 24. Qc2 exf4 25. Bxf4 Bxf4+ 26. Nxf4 Qe5 0-1

[Event "Bassano del Grappa Vergani Cup"]
[Site "Bassano del Grappa"]
[Date "2023.02.02"]
[Round "3"]
[White "Andreev, Konstantin"]
[Black "Manco, David Jonatan"]
[Result "1/2-1/2"]
[WhiteElo "2186"]
[BlackElo "1903"]
[PlyCount "117"]
[EventDate "2023.02.01"]
[EventType "swiss"]
[EventRounds "9"]
[EventCountry "ITA"]
[SourceTitle "CBM 212 Extra"]
[Source "ChessBase"]
[SourceDate "2023.03.31"]
[SourceVersion "1"]
[SourceVersionDate "2023.03.31"]
[SourceQuality "1"]

1. e4 e6 2. d4 d5 3. Nc3 Bb4 4. e5 c5 5. a3 Bxc3+ 6. bxc3 Qc7 7. Qg4 Ne7 8. Qxg7 Rg8 9. Qxh7 cxd4 10. Qd3 dxc3 11. Ne2 Nbc6 12. Qxc3 Qxe5 13. Qxe5 Nxe5 14. h4 N5c6 15. Nf4 f6 16. Bb2 e5 17. Nh5 Kf7 18. Ng3 Be6 19. 0-0-0 Rac8 20. Kb1 Na5 21. Bd3 Nc4 22. Bc1 d4 23. Ne4 Rc6 24. h5 b5 25. h6 Bf5 26. Ng3 Bxd3 27. cxd3 Nb6 28. Rh5 Na4 29. Rdh1 Nc5 30. h7 Rh8 31. Bd2 Nxd3 32. Ne4 Nd5 33. Rh6 Nc3+ 34. Bxc3 dxc3 35. Kc2 Nf4 36. g4 Ne2 37. g5 fxg5 38. Nxg5+ Kg7 39. Rxc6 Nd4+ 40. Kxc3 Nxc6 41. Ne6+ Kg6 42. Kd3 a5 43. Ke4 b4 44. axb4 axb4 45. Kd5 Nd8 46. Nxd8 Rxd8+ 47. Ke6 Re8+ 48. Kd7 Rh8 49. Ke6 Rxh7 50. Rg1+ Kh5 51. Kf6 Rb7 52. f3 Rb6+ 53. Kxe5 b3 54. f4 b2 55. Rb1 Kg4 56. Kd4 Kxf4 57. Kc3 Ke3 58. Rxb2 Rxb2 59. Kxb2 1/2-1/2

[Event "Bassano del Grappa Vergani Cup"]
[Site "Bassano del Grappa"]
[Date "2023.02.02"]
[Round "2"]
[White "Manco, David Jonatan"]
[Black "Maione, Melissa"]
[Result "1-0"]
[WhiteElo "1903"]
[BlackElo "2070"]
[PlyCount "207"]
[EventDate "2023.02.01"]
[EventType "swiss"]
[EventRounds "9"]
[EventCountry "ITA"]
[SourceTitle "CBM 212 Extra"]
[Source "ChessBase"]
[SourceDate "2023.03.31"]
[SourceVersion "1"]
[SourceVersionDate "2023.03.31"]
[SourceQuality "1"]

1. e4 c5 2. Nc3 Nc6 3. g3 g6 4. Bg2 Bg7 5. f4 d6 6. Nf3 e6 7. d3 Nge7 8. Be3 b6 9. Qd2 0-0 10. 0-0 d5 11. exd5 exd5 12. Bf2 d4 13. Nd1 Rb8 14. a4 a6 15. h3 b5 16. axb5 axb5 17. g4 f5 18. Nh2 Be6 19. Bg3 Qc8 20. g5 Nd5 21. Nf3 Qc7 22. Kh2 Rfe8 23. Re1 Bf7 24. Nf2 Re3 25. h4 Rbe8 26. Nh3 Rxe1 27. Rxe1 Rxe1 28. Nxe1 Ne3 29. Qe2 Qe7 30. Bf3 Nb4 31. Nf2 Bd5 32. Bxd5+ Nbxd5 33. Kg1 Qc7 34. Nh3 Qa5 35. Bf2 Bf8 36. Bxe3 dxe3 37. c4 bxc4 38. dxc4 Qa6 39. Kf1 Nb4 40. b3 Qa8 41. Qxe3 Qh1+ 42. Kf2 Nc2 43. Nxc2 Qh2+ 44. Kf1 Qxc2 45. Ng1 Qd1+ 46. Kf2 Qc2+ 47. Kg3 Kf7 48. Nf3 Qd1 49. Ne5+ Kg8 50. Qf3 Qg1+ 51. Kh3 Kh8 52. Nd7 Bd6 53. Qa8+ Kg7 54. Qf3 Qd4 55. Kg3 Bxf4+ 56. Qxf4 Qxd7 57. Qe5+ Kf7 58. Qxc5 Qd3+ 59. Kf2 Qd2+ 60. Kf3 Qd3+ 61. Qe3 Qf1+ 62. Kg3 Qd1 63. Qa7+ Kg8 64. Qa8+ Kg7 65. Qb7+ Kh8 66. Qb8+ Kg7 67. Qe5+ Kf7 68. Qc7+ Kg8 69. Qb8+ Kg7 70. Qb7+ Kh8 71. Kf4 Qd4+ 72. Kf3 Qd3+ 73. Kg2 Qe2+ 74. Kh1 Qf1+ 75. Kh2 Qf2+ 76. Kh3 Qe3+ 77. Kg2 Qe2+ 78. Kg3 Qg4+ 79. Kf2 Qxh4+ 80. Ke2 Qh2+ 81. Kd3 Qg3+ 82. Kd4 Qxg5 83. c5 Qg1+ 84. Kc4 Qc1+ 85. Kb5 Qf1+ 86. Kb6 Qb1 87. Qf7 h6 88. c6 Qg1+ 89. Kb5 Qf1+ 90. Qc4 Qf3 91. Qd4+ Kh7 92. Qd7+ Kh8 93. b4 f4 94. c7 Qb7+ 95. Kc4 Qa6+ 96. b5 Qa4+ 97. Kc5 Qa3+ 98. Kb6 Qe3+ 99. Kb7 Qe4+ 100. Kb8 Qe5 101. Kb7 Qe4+ 102. Qc6 Qe7 103. Ka8 Qa3+ 104. Qa6 1-0

[Event "El Prat de Llobregat op-B 1st"]
[Site "El Prat de Llobregat"]
[Date "2019.12.09"]
[Round "7"]
[White "Manco, David Jonatan"]
[Black "Gopal, KN."]
[Result "0-1"]
[WhiteElo "1926"]
[BlackElo "1840"]
[PlyCount "122"]
[EventDate "2019.12.03"]
[EventType "swiss"]
[EventRounds "9"]
[EventCountry "ESP"]
[SourceTitle "CBM 193 Extra"]
[Source "ChessBase"]
[SourceDate "2020.01.31"]
[SourceVersion "1"]
[SourceVersionDate "2020.01.31"]
[SourceQuality "1"]

1. e4 c5 2. Nf3 d6 3. d4 cxd4 4. Nxd4 Nf6 5. Nc3 a6 6. Be3 e5 7. Nb3 Be6 8. h3 Be7 9. g4 0-0 10. Bg2 Nc6 11. Qd2 Na5 12. Nxa5 Qxa5 13. 0-0 Qc7 14. g5 Nd7 15. Nd5 Bxd5 16. exd5 Rac8 17. Rac1 b5 18. c3 f5 19. gxf6 Nxf6 20. f4 Nd7 21. Kh1 exf4 22. Bxf4 Bf6 23. Be4 Be5 24. Be3 Nf6 25. Bf5 Rce8 26. Be6+ Kh8 27. Qf2 Qb7 28. Qf3 Qc7 29. Bg5 Qc4 30. b3 Qc5 31. c4 b4 32. h4 Qc7 33. Kg2 Qe7 34. Qd3 Qb7 35. Qf3 Qc7 36. Rcd1 a5 37. Rde1 Ra8 38. Re2 a4 39. Ref2 axb3 40. axb3 Bd4 41. Be3 Be5 42. Qh3 Ra3 43. Bc1 Ra1 44. Bg5 Rxf1 45. Rxf1 Qa7 46. Qd3 Ra8 47. Be3 Qa2+ 48. Rf2 Qa1 49. c5 dxc5 50. Bxc5 Qc1 51. Bxb4 Ra1 52. Qf1 Qe3 53. Rf3 Ra2+ 54. Qf2 Rxf2+ 55. Rxf2 Qxb3 56. Be7 h6 57. Rf3 Qc4 58. Ra3 Qe2+ 59. Kg1 Bd4+ 60. Kh1 Qf1+ 61. Kh2 Be5+ 0-1

[Event "El Prat de Llobregat op-B 1st"]
[Site "El Prat de Llobregat"]
[Date "2019.12.07"]
[Round "5"]
[White "Flores Mendoza, Jose Antonio"]
[Black "Manco, David Jonatan"]
[Result "0-1"]
[WhiteElo "1952"]
[BlackElo "1926"]
[PlyCount "58"]
[EventDate "2019.12.03"]
[EventType "swiss"]
[EventRounds "9"]
[EventCountry "ESP"]
[SourceTitle "CBM 193 Extra"]
[Source "ChessBase"]
[SourceDate "2020.01.31"]
[SourceVersion "1"]
[SourceVersionDate "2020.01.31"]
[SourceQuality "1"]

1. d4 e6 2. c4 d5 3. Nc3 Nf6 4. Bf4 Bd6 5. Bxd6 Qxd6 6. c5 Qe7 7. Nf3 0-0 8. e3 c6 9. b4 a6 10. Bd3 Nbd7 11. 0-0 e5 12. dxe5 Nxe5 13. Nxe5 Qxe5 14. Qc2 Ng4 15. g3 Qh5 16. h4 g5 17. Kg2 gxh4 18. Rh1 h3+ 19. Kg1 Ne5 20. Ne2 h2+ 21. Kf1 Qh3+ 22. Ke1 Nf3+ 23. Kd1 Qg2 24. Bxh7+ Kh8 25. Qc3+ Kxh7 26. Kc2 Bf5+ 27. Kb3 Qxf2 28. Nf4 Rfe8 29. Raf1 Nd2+ 0-1

[Event "El Prat de Llobregat op-B 1st"]
[Site "El Prat de Llobregat"]
[Date "2019.12.06"]
[Round "4"]
[White "Manco, David Jonatan"]
[Black "Maurer, Rainer1111"]
[Result "1-0"]
[WhiteElo "1926"]
[BlackElo "1858"]
[PlyCount "61"]
[EventDate "2019.12.03"]
[EventType "swiss"]
[EventRounds "9"]
[EventCountry "ESP"]
[SourceTitle "CBM 193 Extra"]
[Source "ChessBase"]
[SourceDate "2020.01.31"]
[SourceVersion "1"]
[SourceVersionDate "2020.01.31"]
[SourceQuality "1"]

1. e4 e5 2. Nf3 Nf6 3. Nxe5 d6 4. Nf3 Nxe4 5. d4 d5 6. Bd3 Be7 7. 0-0 0-0 8. Re1 Nf6 9. h3 Nc6 10. c3 h6 11. Nbd2 Re8 12. Nf1 Bd6 13. Ng3 Rxe1+ 14. Qxe1 Bxg3 15. fxg3 Be6 16. g4 Nh7 17. Qg3 Ng5 18. Bf4 Rc8 19. Re1 Ne4 20. Bxe4 dxe4 21. Rxe4 g5 22. Bc1 Bd5 23. Re1 Qf8 24. b3 f6 25. c4 Bf7 26. d5 Nb4 27. Ba3 Qc5+ 28. Kh2 Qa5 29. Bxb4 Qxb4 30. Nd4 Qd2 31. Nf5 1-0

[Event "El Prat de Llobregat op-B 1st"]
[Site "El Prat de Llobregat"]
[Date "2019.12.05"]
[Round "3"]
[White "Koch, Arno"]
[Black "Manco, David Jonatan"]
[Result "0-1"]
[WhiteElo "1755"]
[BlackElo "1926"]
[PlyCount "134"]
[EventDate "2019.12.03"]
[EventType "swiss"]
[EventRounds "9"]
[EventCountry "ESP"]
[SourceTitle "CBM 193 Extra"]
[Source "ChessBase"]
[SourceDate "2020.01.31"]
[SourceVersion "1"]
[SourceVersionDate "2020.01.31"]
[SourceQuality "1"]

1. g3 d5 2. Bg2 Nf6 3. d3 c5 4. Nd2 Nc6 5. e3 e5 6. Ne2 g6 7. b3 Bg7 8. Bb2 0-0 9. 0-0 d4 10. exd4 Nxd4 11. Bxd4 cxd4 12. Re1 Nd5 13. a4 Bg4 14. Nb1 Qd7 15. Qd2 Rfc8 16. Na3 Bf8 17. Nc4 Bb4 18. c3 Nxc3 19. Nxc3 Bxc3 20. Qg5 Rxc4 21. bxc4 Bxa1 22. Rxa1 Bf5 23. Qd2 Rb8 24. a5 Qc7 25. Rb1 Kg7 26. h3 Bd7 27. Qb4 Bf5 28. Qd2 h5 29. Rb5 Bd7 30. Rb1 Bc6 31. Bxc6 bxc6 32. Rxb8 Qxb8 33. Qe2 Qb1+ 34. Kg2 f6 35. Qe4 c5 36. a6 Kh6 37. Qb7 Qxd3 38. Qxa7 Qe4+ 39. Kh2 d3 40. Qb7 Qxc4 41. a7 d2 42. a8Q d1Q 43. Qh8+ Kg5 44. h4+ Kf5 45. Qhc8+ Qe6 46. Qxc5 Qd3 47. Qc2 e4 48. Qxd3 exd3 49. Qf3+ Ke5 50. Qxd3 Qf5 51. Qb5+ Ke4 52. Qc6+ Kd4 53. Qd6+ Ke4 54. Qc6+ Kd3 55. Qa6+ Kd2 56. Qa2+ Ke1 57. Kg2 Qe4+ 58. f3 Qe2+ 59. Qxe2+ Kxe2 60. g4 Ke3 61. Kg3 f5 62. gxh5 gxh5 63. f4 Ke4 64. Kg2 Kxf4 65. Kf2 Kg4 66. Kg2 Kxh4 67. Kf3 Kg5 0-1

[Event "El Prat de Llobregat op-B 1st"]
[Site "El Prat de Llobregat"]
[Date "2019.12.04"]
[Round "2"]
[White "Manco, David Jonatan"]
[Black "Valarezo Ricard, Pedro"]
[Result "1-0"]
[WhiteElo "1926"]
[BlackElo "1748"]
[PlyCount "141"]
[EventDate "2019.12.03"]
[EventType "swiss"]
[EventRounds "9"]
[EventCountry "ESP"]
[SourceTitle "CBM 193 Extra"]
[Source "ChessBase"]
[SourceDate "2020.01.31"]
[SourceVersion "1"]
[SourceVersionDate "2020.01.31"]
[SourceQuality "1"]

1. e4 d5 2. exd5 Qxd5 3. Nc3 Qd6 4. d4 Nf6 5. Nf3 Bg4 6. h3 Bf5 7. Bc4 c6 8. Ne5 e6 9. 0-0 Nbd7 10. Bf4 Nxe5 11. Bxe5 Qb4 12. Bd3 Bxd3 13. Qxd3 Be7 14. a3 Qb6 15. f4 0-0 16. f5 Nd7 17. Kh1 Nxe5 18. dxe5 Rad8 19. Qg3 exf5 20. b4 Qd4 21. Rxf5 Bh4 22. Qf3 Be7 23. Rd1 Qc4 24. Rxd8 Bxd8 25. Ne4 Qxc2 26. Nd6 Qb1+ 27. Kh2 Qa2 28. Nxb7 g6 29. Nxd8 Rxd8 30. Rf6 Qd5 31. Qc3 Re8 32. Rxc6 Qe4 33. Rc5 Qf4+ 34. Qg3 Qf1 35. Rc7 a5 36. bxa5 Qb5 37. Qf4 Qxe5 38. Rxf7 Qxa5 39. Qc4 Qe5+ 40. Rf4+ Kg7 41. Qd4 g5 42. Qxe5+ Rxe5 43. Ra4 Kg6 44. Ra8 h5 45. a4 h4 46. a5 Re2 47. Rb8 Re1 48. Rb6+ Kg7 49. a6 Ra1 50. Rb7+ Kg6 51. Ra7 Kf6 52. Ra8 Kg7 53. g4 Ra2+ 54. Kg1 Ra1+ 55. Kf2 Ra2+ 56. Ke1 Ra3 57. a7 Ra2 58. Kd1 Ra6 59. Kc2 Ra3 60. Kb2 Rxh3 61. Rg8+ Kxg8 62. a8Q+ Kg7 63. Qd5 Rh2+ 64. Kc3 Rh3+ 65. Kd4 Kh6 66. Qe6+ Kg7 67. Qe5+ Kh7 68. Qxg5 Rh2 69. Qf5+ Kg8 70. Qc8+ Kh7 71. Qc7+ 1-0

[Event "Padova del Santo op-A 6th"]
[Site "Padova"]
[Date "2019.02.16"]
[Round "3.3"]
[White "Manco, David Jonatan"]
[Black "Pleininger, Rudolf"]
[Result "1-0"]
[WhiteElo "1894"]
[BlackElo "1947"]
[PlyCount "113"]
[EventDate "2019.02.15"]
[EventType "swiss"]
[EventRounds "5"]
[EventCountry "ITA"]
[SourceTitle "EXT 2024"]
[Source "ChessBase"]
[SourceDate "2023.10.10"]
[SourceVersion "1"]
[SourceVersionDate "2023.10.10"]
[SourceQuality "1"]

1. e4 e5 2. Nf3 Nc6 3. Bc4 Bc5 4. c3 Nf6 5. d3 d6 6. 0-0 h6 7. h3 0-0 8. a4 a5 9. Na3 Re8 10. Nc2 Be6 11. Bxe6 Rxe6 12. d4 exd4 13. cxd4 Nxd4 14. Ncxd4 Rxe4 15. Nb3 Bb4 16. Bd2 Qd7 17. Qc2 Rae8 18. Nxa5 Re2 19. Nb3 Nh5 20. Nbd4 R2e4 21. Bxb4 c5 22. Bxc5 dxc5 23. Qxc5 Nf4 24. Rfd1 Nxh3+ 25. Kf1 Nf4 26. Nf5 Qe6 27. Ng3 Qg4 28. Qf5 Qxf5 29. Nxf5 Rb4 30. Rd4 Re4 31. Rxe4 Rxe4 32. N5d4 Nd3 33. b4 g5 34. Nf5 Rf4 35. Ra3 Nxb4 36. Nxh6+ Kg7 37. Nxf7 Kxf7 38. Nxg5+ Kf6 39. g3 Rc4 40. f4 Na6 41. a5 Rc2 42. Rb3 Nc5 43. Rb5 Kf5 44. Nf7 Kg4 45. Nd6 Kxg3 46. Rxc5 Rxc5 47. Ne4+ Kxf4 48. Nxc5 Ke5 49. Nxb7 Kd5 50. a6 Kc6 51. Nc5 Kb6 52. Ke2 Ka7 53. Kd3 Ka8 54. Kc4 Ka7 55. Kb5 Ka8 56. Ka5 Ka7 57. Ne6 1-0

[Event "Nichelino op 16th"]
[Site "Nichelino"]
[Date "2015.10.03"]
[Round "3"]
[White "Guarneri, Giuseppe"]
[Black "Manco, David Jonatan"]
[Result "1/2-1/2"]
[WhiteElo "1831"]
[BlackElo "1892"]
[PlyCount "73"]
[EventDate "2015.10.02"]
[EventType "swiss"]
[EventRounds "5"]
[EventCountry "ITA"]
[SourceTitle "EXT 2018"]
[Source "ChessBase"]
[SourceDate "2017.10.13"]
[SourceVersion "1"]
[SourceVersionDate "2017.10.13"]
[SourceQuality "1"]

1. e4 e5 2. Nf3 Nc6 3. Bc4 Be7 4. c3 Nf6 5. Qe2 d6 6. h3 Na5 7. Bb5+ c6 8. Ba4 b5 9. Bc2 0-0 10. d4 Qc7 11. 0-0 h6 12. Re1 Be6 13. Nbd2 Rab8 14. b3 c5 15. d5 Bd7 16. Nf1 c4 17. b4 Nb7 18. Ng3 a5 19. Rd1 axb4 20. cxb4 Rfc8 21. Nf5 Bf8 22. Nh2 Nd8 23. Ng4 Nxg4 24. hxg4 f6 25. f4 Nf7 26. g5 fxg5 27. fxg5 Bxf5 28. exf5 Nxg5 29. Be3 Be7 30. a4 Qb7 31. a5 Ra8 32. Qf2 Bf6 33. Ra3 Ra6 34. Bb6 Rf8 35. Qe2 Qf7 36. Rg3 Re8 37. Be3 1/2-1/2

[Event "Nichelino op 16th"]
[Site "Nichelino"]
[Date "2015.10.02"]
[Round "1"]
[White "Lattanzio, Savino"]
[Black "Manco, David Jonatan"]
[Result "1-0"]
[WhiteElo "2193"]
[BlackElo "1892"]
[PlyCount "51"]
[EventDate "2015.10.02"]
[EventType "swiss"]
[EventRounds "5"]
[EventCountry "ITA"]
[SourceTitle "EXT 2018"]
[Source "ChessBase"]
[SourceDate "2017.10.13"]
[SourceVersion "1"]
[SourceVersionDate "2017.10.13"]
[SourceQuality "1"]

1. d4 d5 2. e3 Nf6 3. Bd3 e6 4. Nd2 c5 5. c3 Nc6 6. Ngf3 Bd6 7. 0-0 e5 8. e4 0-0 9. exd5 Nxd5 10. dxe5 Nxe5 11. Nxe5 Bxe5 12. Bxh7+ Kxh7 13. Qh5+ Kg8 14. Qxe5 Re8 15. Qg3 b6 16. Nf3 Ba6 17. Re1 Rxe1+ 18. Nxe1 Qe8 19. Bh6 g6 20. Nf3 Nf6 21. Re1 Qc6 22. h3 Bb7 23. Re7 Re8 24. Qe5 Rd8 25. Rc7 Rd1+ 26. Kh2 1-0

[Event "Ceriano Laghetto op-B 24th"]
[Site "Ceriano Laghetto"]
[Date "2015.03.07"]
[Round "2"]
[White "Manco, David Jonatan"]
[Black "Galli, Agostino"]
[Result "1/2-1/2"]
[WhiteElo "1897"]
[BlackElo "1747"]
[PlyCount "118"]
[EventDate "2015.03.06"]
[EventType "swiss"]
[EventRounds "5"]
[EventCountry "ITA"]
[SourceTitle "EXT 2017"]
[Source "ChessBase"]
[SourceDate "2016.10.25"]
[SourceVersion "1"]
[SourceVersionDate "2016.10.25"]
[SourceQuality "1"]

1. e4 e6 2. d4 c5 3. Nf3 Nf6 4. e5 Nd5 5. c4 Nb6 6. a4 d5 7. dxc5 Bxc5 8. a5 Nxc4 9. Bxc4 dxc4 10. Qxd8+ Kxd8 11. Bg5+ Ke8 12. 0-0 h6 13. Bd2 Bd7 14. Rc1 Bc6 15. Rxc4 Be7 16. Nd4 Kd7 17. Nc3 Na6 18. Nxc6 bxc6 19. Ne4 Rac8 20. Rd1 Rhd8 21. Bxh6+ Ke8 22. Bd2 Bb4 23. Rcc1 Bxd2 24. Nxd2 Nb4 25. Ne4 Ke7 26. Nd6 Rc7 27. Rc4 c5 28. f4 a6 29. Rdc1 Nd3 30. R1c3 Nxb2 31. Rxc5 Rxc5 32. Rxc5 Rd7 33. Rc6 Nd3 34. g3 f6 35. exf6+ gxf6 36. Ne4 f5 37. Nc5 Nxc5 38. Rxc5 Kd6 39. Re5 Rb7 40. h3 Rb2 41. h4 Ra2 42. h5 Rb2 43. h6 Rb8 44. Re2 Ke7 45. h7 Kf7 46. Rh2 Kg7 47. h8Q+ Rxh8 48. Rxh8 Kxh8 49. Kf2 Kg7 50. Ke3 Kf6 51. Kd3 e5 52. fxe5+ Kxe5 53. Ke3 Ke6 54. Kf2 Kf6 55. Kg2 Kg6 56. Kf3 Kg5 57. Ke3 Kg4 58. Kf2 f4 59. gxf4 Kxf4 1/2-1/2

[Event "Ceriano Laghetto op-B 24th"]
[Site "Ceriano Laghetto"]
[Date "2015.03.07"]
[Round "3"]
[White "Poletto, Daniele"]
[Black "Manco, David Jonatan"]
[Result "1/2-1/2"]
[WhiteElo "1708"]
[BlackElo "1897"]
[PlyCount "88"]
[EventDate "2015.03.06"]
[EventType "swiss"]
[EventRounds "5"]
[EventCountry "ITA"]
[SourceTitle "EXT 2017"]
[Source "ChessBase"]
[SourceDate "2016.10.25"]
[SourceVersion "1"]
[SourceVersionDate "2016.10.25"]
[SourceQuality "1"]

1. c4 c6 2. Nf3 Nf6 3. g3 d5 4. b3 g6 5. Bb2 Bg7 6. Bg2 Nbd7 7. 0-0 Rb8 8. cxd5 cxd5 9. d3 0-0 10. Nbd2 b5 11. Rc1 Bb7 12. Rc2 Re8 13. Qa1 Rc8 14. Rfc1 Rxc2 15. Rxc2 Qa8 16. Rc7 Nf8 17. Qc1 Rc8 18. Rxc8 Qxc8 19. Qxc8 Bxc8 20. Ba3 e6 21. Ne5 Bb7 22. d4 N6d7 23. Nxd7 Nxd7 24. e3 Bf8 25. Bxf8 Kxf8 26. b4 Ke7 27. Nb3 Kd6 28. Nc5 Bc6 29. Nxd7 Bxd7 30. Kf1 f6 31. f4 e5 32. fxe5+ fxe5 33. Kf2 Bf5 34. Bf1 a6 35. a3 Ke6 36. Be2 h6 37. h4 Kf6 38. Bd1 h5 39. a4 bxa4 40. Bxa4 Ke6 41. Ke2 Kd6 42. dxe5+ Kxe5 43. Bc6 Bg4+ 44. Kf2 Bf5 1/2-1/2